| 000 | 005330000a22001810004500 | ||
|---|---|---|---|
| 003 | MACL | ||
| 005 | 20160320133424.0 | ||
| 008 | 160320b xxu||||| |||| 00| 0 eng d | ||
| 040 |
_aMACL _cMACL |
||
| 041 | _aHindi | ||
| 082 | _a100 | ||
| 100 |
_aमिश्र प्रशांत कुमार _947731 |
||
| 245 | _aएक दृष्टिकोण | ||
| 260 |
_bसाहित्य भण्डार _c2001 _aइलाहाबाद |
||
| 350 | _a70 | ||
| 650 |
_aPhilosophy _947732 |
||
| 942 |
_cHIN _k100 _2ddc |
||
| 999 |
_c11972 _d11972 |
||